Antonio Conte's Juventus - Statistics

General Stats
  • This quiz has been taken 36 times
  • The average score is 26 of 42
Answer Stats
Rank Player Position Nationality Matches Goals Assists % Correct
6 Andrea Barzagli Centre-Back 104 1 1
100%
1 Andrea Pirlo Defensive Midfield 115 11 28
100%
4 Arturo Vidal Central Midfield 111 34 19
100%
3 Gianluigi Buffon Goalkeeper 111 0 0
100%
7 Giorgio Chiellini Centre-Back 100 7 6
100%
2 Leonardo Bonucci Centre-Back 112 5 4
100%
13 Martín Cáceres Centre-Back 59 4 1
100%
10 Paul Pogba Central Midfield 78 12 15
100%
5 Claudio Marchisio Central Midfield 106 19 12
96%
12 Kwadwo Asamoah Left Midfield 66 2 8
96%
18 Fernando Llorente Centre-Forward 45 18 6
92%
8 Stephan Lichtsteiner Right-Back 98 8 15
88%
17 Carlos Tevez Centre-Forward 48 21 10
85%
9 Mirko Vucinić Centre-Forward 81 22 17
85%
15 Sebastian Giovinco Second Striker 55 9 9
85%
11 Fabio Quagliarella Centre-Forward 74 15 6
77%
24 Alessandro Del Piero Second Striker 28 5 2
73%
14 Alessandro Matri Centre-Forward 57 19 6
69%
20 Mauricio Isla Right-Back 41 0 3
69%
34 Nicklas Bendtner Centre-Forward 3 0 0
69%
21 Paolo De Ceglie Left-Back 40 1 3
65%
22 Simone Pepe Right Winger 36 6 3
62%
26 Marco Storari Goalkeeper 23 0 0
54%
31 Milos Krasic Right Winger 9 1 0
50%
36 Nicolas Anelka Centre-Forward 3 0 0
50%
16 Simone Padoin Central Midfield 53 2 1
50%
33 Eljero Elia Left Winger 5 0 1
42%
38 Rubinho Goalkeeper 2 0 0
42%
39 Frederik Sørensen Centre-Back 1 0 0
38%
27 Marcelo Estigarribia Central Midfield 18 1 1
38%
30 Marco Borriello Centre-Forward 17 2 4
38%
25 Angelo Ogbonna Centre-Back 25 0 0
35%
19 Emanuele Giaccherini Left Midfield 44 5 5
35%
23 Federico Peluso Left-Back 31 2 4
35%
40 Lúcio Centre-Back 1 0 0
35%
37 Fabio Grosso Left-Back 2 0 0
31%
28 Daniel Osvaldo Centre-Forward 18 3 1
27%
29 Luca Marrone Centre-Back 17 1 1
27%
35 Marco Motta Right-Back 3 0 0
19%
32 Michele Pazienza Defensive Midfield 9 0 0
19%
41 Ouasim Bouy Defensive Midfield 1 0 0
15%
42 Stefano Beltrame Attacking Midfield 1 0 0
8%
No matching quizzes found
Score Distribution
Percent of People with Each Score
Percentile by Number Answered
Your Score History
You have not taken this quiz